000 00672nam a2200193Ii 4500
003 JO-AjNU
008 230605s9999||||xx |||||||||||||| ||und||
040 _aJO-AjNU
_bara
_erda
_cJO-AjNU
041 _aara
050 1 4 _aPQ2484 1980
100 3 _aزيفاكو، ميشال ؛ ترجمة طانيوس عبده,
_eauthor
_918442
245 0 0 _aرواية كييتان، الجزء الثاني
264 3 1 _aبيروت: المكتبة الثقافية، 1980
300 _aج2، 350ص
336 _atext
_btxt
_2rdacontent
337 _aunmediated
_bn
_2rdamedia
338 _avolume
_bnc
_2rdacarrier
650 4 _aالأدب العربي - ترجمة - روايات
_918443
999 _aA5899
_c9467
_d9467